Entre la libertad de cátedra y el maltrato psíquico : (Registro nro. 6248)
[ vista simple ]
| 000 -LEADER | |
|---|---|
| fixed length control field | 01284nab a22002417a 4500 |
| 003 - CONTROL NUMBER IDENTIFIER | |
| control field | OSt |
| 005 - DATE AND TIME OF LATEST TRANSACTION | |
| control field | 20260127204202.0 |
| 008 - FIXED-LENGTH DATA ELEMENTS--GENERAL INFORMATION | |
| fixed length control field | 190514b xxu||||| |||| 00| 0 spa d |
| 040 ## - CATALOGING SOURCE | |
| Transcribing agency | PJ |
| 100 ## - MAIN ENTRY--PERSONAL NAME | |
| 9 (RLIN) | 6551 |
| Personal name | Morabito, Rodrigo |
| 245 10 - TITLE STATEMENT | |
| Title | Entre la libertad de cátedra y el maltrato psíquico : |
| Remainder of title | riesgos de criminalización del debate pedagógico / |
| Statement of responsibility, etc | Rodrigo Morabito. |
| 300 ## - PHYSICAL DESCRIPTION | |
| Extent | p. 56-64 |
| 500 ## - GENERAL NOTE | |
| General note | Cita: TR LALEY AR/DOC/2138/2025. |
| 505 ## - FORMATTED CONTENTS NOTE | |
| Formatted contents note | Sumario: I. Introducción.— II. El tribunal interviniente y el marco procesal.— III. Análisis detallado de los hechos.— IV. El derecho aplicable: maltrato psíquico y libertad de expresión.— V. El riesgo de criminalizar el debate pedagógico.— VI. Conclusión. |
| 505 ## - FORMATTED CONTENTS NOTE | |
| Title | Fallo comentado: JContravencional, General Pico ~ 09/04/2025 ~ C., A. C. s/ inf. art. 95, 96 inc. 3 y 121 inc. 1° C.C. (Den: H.) - (Dam: H. R. E.). |
| 650 #0 - SUBJECT ADDED ENTRY--TOPICAL TERM | |
| 9 (RLIN) | 967 |
| Topical term or geographic name as entry element | DERECHO DE FAMILIA |
| 650 #0 - SUBJECT ADDED ENTRY--TOPICAL TERM | |
| 9 (RLIN) | 1260 |
| Topical term or geographic name as entry element | LIBERTAD DE EXPRESION |
| 650 #0 - SUBJECT ADDED ENTRY--TOPICAL TERM | |
| 9 (RLIN) | 3053 |
| Topical term or geographic name as entry element | VIOLENCIA DE GÉNERO |
| 650 #0 - SUBJECT ADDED ENTRY--TOPICAL TERM | |
| 9 (RLIN) | 3317 |
| Topical term or geographic name as entry element | DOCENTES |
| 650 #0 - SUBJECT ADDED ENTRY--TOPICAL TERM | |
| 9 (RLIN) | 1057 |
| Topical term or geographic name as entry element | JURISPRUDENCIA APLICABLE |
| 773 0# - HOST ITEM ENTRY | |
| Host Biblionumber | 2844 |
| Host Itemnumber | 3222 |
| Place, publisher, and date of publication | Buenos Aires : AbeledoPerrot, 1989- |
| Title | Derecho de familia. Revista Interdisciplinaria de doctrina y jurisprudencia. Octubre 2025-V. |
| International Standard Book Number | 18511201 |
| 942 ## - ADDED ENTRY ELEMENTS (KOHA) | |
| Source of classification or shelving scheme | |
| Koha item type | Analítica Artículo de Revista |
No hay ítems disponibles.
